ARRUPE JESUIT UNIVERSITY

CORONAVIRUS -STOP THE SPREAD - CLEAN,DISINFECT,COVER

The public career of Sir Thomas More / (Record no. 123690)

MARC details
000 -LEADER
fixed length control field 01138cam a2200313 i 4500
001 - CONTROL NUMBER
control field 1826388
003 - CONTROL NUMBER IDENTIFIER
control field ARRUPE
005 - DATE AND TIME OF LATEST TRANSACTION
control field 20151029144556.0
008 - FIXED-LENGTH DATA ELEMENTS--GENERAL INFORMATION
fixed length control field 800421s1980 ctu b 001 0beng
010 ## - LIBRARY OF CONGRESS CONTROL NUMBER
LC control number 80016259
020 ## - INTERNATIONAL STANDARD BOOK NUMBER
International Standard Book Number 0300025467
040 ## - CATALOGING SOURCE
Original cataloging agency DLC
Transcribing agency DLC
Modifying agency DLC
043 ## - GEOGRAPHIC AREA CODE
Geographic area code e-uk---
050 00 - LIBRARY OF CONGRESS CALL NUMBER
Classification number B785.M84
Item number G87
082 00 - DEWEY DECIMAL CLASSIFICATION NUMBER
Classification number 942.05/2/0924
-- B
300 ## - PHYSICAL DESCRIPTION
Dimensions 25 cm.
100 1# - MAIN ENTRY--PERSONAL NAME
Personal name Guy, J. A.
Fuller form of name (John Alexander)
9 (RLIN) 20770
245 14 - TITLE STATEMENT
Title The public career of Sir Thomas More /
Statement of responsibility, etc J. A. Guy.
260 ## - PUBLICATION, DISTRIBUTION, ETC. (IMPRINT)
Place of publication, distribution, etc New Haven, Conn. :
Name of publisher, distributor, etc Yale University Press,
Date of publication, distribution, etc 1980.
300 ## - PHYSICAL DESCRIPTION
Extent xii, 220 p. ;
504 ## - BIBLIOGRAPHY, ETC. NOTE
Bibliography, etc Includes bibliographical references and index.
600 10 - SUBJECT ADDED ENTRY--PERSONAL NAME
Personal name More, Thomas,
Titles and other words associated with a name Saint,
Dates associated with a name 1478-1535.
9 (RLIN) 20771
600 00 - SUBJECT ADDED ENTRY--PERSONAL NAME
Personal name Henry
Numeration VIII,
Titles and other words associated with a name King of England,
Dates associated with a name 1491-1547
General subdivision Relations with humanists.
9 (RLIN) 4048
650 #0 - SUBJECT ADDED ENTRY--TOPICAL TERM
Topical term or geographic name as entry element Statesmen
Geographic subdivision Great Britain
Form subdivision Biography.
9 (RLIN) 4049
650 #0 - SUBJECT ADDED ENTRY--TOPICAL TERM
Topical term or geographic name as entry element Christian martyrs
Geographic subdivision England
Form subdivision Biography.
9 (RLIN) 4051
651 #0 - SUBJECT ADDED ENTRY--GEOGRAPHIC NAME
Geographic name Great Britain
General subdivision History
Chronological subdivision Henry VIII, 1509-1547
Form subdivision Biography.
9 (RLIN) 4052
651 #0 - SUBJECT ADDED ENTRY--GEOGRAPHIC NAME
Geographic name England
General subdivision Intellectual life
Chronological subdivision 16th century.
9 (RLIN) 4053
906 ## - LOCAL DATA ELEMENT F, LDF (RLIN)
a 7
b cbc
c orignew
d 1
e ocip
f 19
g y-gencatlg
942 ## - ADDED ENTRY ELEMENTS (KOHA)
Source of classification or shelving scheme Library of Congress Classification
Koha item type Monograph ( Printed materials)
Holdings
Withdrawn status Lost status Source of classification or shelving scheme Damaged status Not for loan Collection code Home library Current library Shelving location Date acquired Total Checkouts Full call number Barcode Date last seen Price effective from Koha item type
    Library of Congress Classification     Main Collection ARRUPE LIBRARY ARRUPE LIBRARY Main Collection 29/10/2015   B785.M84G87 46500005647 29/10/2015 29/10/2015 Monograph ( Printed materials)

 

Arrupe Library. PO Box MP320 Mt Pleasant, Harare, Zimbabwe
263 242 745411|librarian@aju.ac.zw